Statistiche per Riconosci la Squadra di calcio - Quiz n°306

Clicka qui per fare il quiz!

Statistiche generali

  • Questo quiz è stato fatto 5 volte
  • Il punteggio medio è 10 su 12

Statistiche sulle risposte

IndizioRisposta% Corretto
Trofei nazionali1 Supercoppa di Serie C
100%
Colori socialiNero, verde
100%
SimboliRamarro
100%
Trofei internazionali0
80%
Fondazione1920
80%
Titoli nazionali1 Scudetto Serie D
80%
Rifondazione2003
80%
Scioglimento2023
80%
Rifondazione2024
80%
Capienza Stadio3 089 posti
80%
ConfederazioneUEFA
80%
SquadraPordenone
60%

Distribuzione punteggi

Percentile per numero di risposta

Percentuale di utenti per punteggio

I tuoi punteggi nel tempo

Non hai fatto questo quiz